00687nam a2200193Ia 4500952015400000999001700154003000400171005001700175008004100192020001800233040000900251082002100260100002400281245006000305250001200365260005900377300000900436942004800445 00102ddc40708SOCIAL SCIENCEaMESbMEScSOCIAL SCIENCEd2019-02-20g695.00l0o305.40954 MEH/Pp29158r2019-02-20 00:00:00w2019-02-20yBKzGL50R5 c21002d21002OSt20200615101743.0190216s9999||||xx |||||||||||||| ||und|| a9788173912269 coclc a305.40954bMEH/P aMehta, Arati 92866 0aProgressive Women And Political Identity /cArati Mehta a2nd Ed. bKanishka Publishers & Distributers,aNew Delhi:c2004. a354p cBK2ddch305.40954iMEH/Pk305.40954mMEH/P